Suppression of important pea diseases by bacterial antagonists /
Guardado en:
| Otros Autores: | , , , , |
|---|---|
| Formato: | Artículo |
| Lenguaje: | English |
| Materias: | |
| Etiquetas: |
Agregar Etiqueta
Sin Etiquetas, Sea el primero en etiquetar este registro!
|
| Thư viện lưu trữ: | Thư viện Trường Đại học Đà Lạt |
|---|
| LEADER | 01027nam a2200337 4500 | ||
|---|---|---|---|
| 001 | DLU090093395 | ||
| 005 | ##20091201 | ||
| 040 | # | # | |a DLU |b eng |
| 041 | # | # | |a eng |
| 044 | # | # | |a nl |
| 245 | # | # | |a Suppression of important pea diseases by bacterial antagonists / |c H. Wang ... [et al.]. |
| 653 | # | # | |a Agar plate bioassay |
| 653 | # | # | |a Ascochyta pisi |
| 653 | # | # | |a Biological control |
| 653 | # | # | |a Fusarium avenaceum |
| 653 | # | # | |a Pseudomonas fluorescens |
| 700 | # | # | |a Chang, K. F. |
| 700 | # | # | |a Howard, R. J. |
| 700 | # | # | |a Hwang, S. F. |
| 700 | # | # | |a Turnbull, G. D. |
| 700 | # | # | |a Wang, H. |
| 773 | # | # | |t BioControl : Journal of the International Organization for Biological Control |g Vol. 48, no. 4 (August 2003), p. 447-460 |
| 920 | # | # | |a Phòng Tạp chí -- Trung tâm Thông tin - Thư viện Trường Đại học Đà Lạt |
| 994 | # | # | |a DLU |
| 900 | # | # | |a True |
| 911 | # | # | |a Trương Bảo Trâm Anh |
| 925 | # | # | |a G |
| 926 | # | # | |a A |
| 927 | # | # | |a BB |
| 980 | # | # | |a Thư viện Trường Đại học Đà Lạt |